000 00382nam a2200145Ia 4500
008 211109s9999||||xx |||||||||||||| ||und||
082 _a536.7
_bGLA-T
100 _aGlasstone, Samuel
245 0 _aThermodynamics for Chemists
260 _bD. Van Nostrand
_aNew York
_c1947
300 _a522p.
630 _xGeneral Stack
650 _aTHERMODYNAMICS
_vHEAT
_xPhysics
942 _cBOOK
999 _c24930
_d24930